[Event "Zaragoza Province-ch Primera"]
[Site "Zaragoza"]
[Date "2015.10.04"]
[Round "2"]
[White "Subira Navarro, Oscar"]
[Black "Perez Bella, Jose Maria"]
[Result "1/2-1/2"]
[WhiteElo "1811"]
[BlackElo "1604"]
[PlyCount "94"]
[EventDate "2015.09.27"]
[EventType "swiss"]
[EventRounds "6"]
[EventCountry "ESP"]
[SourceTitle "CBM 170 Extra"]
[Source "ChessBase"]
[SourceDate "2016.02.25"]
[SourceVersion "1"]
[SourceVersionDate "2016.02.25"]
[SourceQuality "1"]

1. e4 Nf6 2. Nc3 d5 3. e5 Nfd7 4. d4 e6 5. f4 c5 6. Nf3 cxd4 7. Nxd4 Nc6 8. Bb5 Nxd4 9. Qxd4 a6 10. Be2 Bc5 11. Qd3 0-0 12. Be3 Qb6 13. Nd1 f6 14. exf6 Rxf6 15. 0-0 Qc7 16. c3 Bxe3+ 17. Qxe3 Qc5 18. Kh1 g6 19. Qd4 Qxd4 20. cxd4 b5 21. Ne3 Nb6 22. Ng4 Rf8 23. b3 Nd7 24. Rac1 Nf6 25. Ne5 Bb7 26. Rc7 Rab8 27. g4 Ne8 28. Rc5 Rc8 29. b4 Nd6 30. Bd3 Nc4 31. h3 Nxe5 32. dxe5 Rxc5 33. bxc5 Rc8 34. Rc1 Kg7 35. Kg2 Bc6 36. f5 gxf5 37. gxf5 exf5 38. Bxf5 Rf8 39. Bg4 Kg6 40. Re1 h5 41. Bf3 h4 42. e6 Rf5 43. e7 Kf7 44. Bg4 d4+ 45. Kg1 Rxc5 46. Bf3 Bd7 47. Bg4 Bc6 1/2-1/2

[Event "Aragon-chT Preferente B"]
[Site "Aragon"]
[Date "2015.01.24"]
[Round "1.55"]
[White "Subira Navarro, Oscar"]
[Black "Mombiela de Sus, Jose Luis"]
[Result "1-0"]
[WhiteElo "1767"]
[BlackElo "1999"]
[PlyCount "120"]
[EventDate "2015.01.24"]
[EventType "team-tourn"]
[EventRounds "9"]
[EventCountry "ESP"]
[SourceTitle "EXT 2017"]
[Source "ChessBase"]
[SourceDate "2016.10.25"]
[SourceVersion "1"]
[SourceVersionDate "2016.10.25"]
[SourceQuality "1"]
[WhiteTeam "Agrupacion II"]
[BlackTeam "Las Fuentes"]
[WhiteTeamCountry "ESP"]
[BlackTeamCountry "ESP"]

1. e4 d5 2. Nf3 dxe4 3. Ng5 Nf6 4. Bc4 e6 5. Nc3 Be7 6. Ngxe4 Nc6 7. 0-0 0-0 8. Re1 Rb8 9. Nxf6+ Bxf6 10. Ne4 Be7 11. d3 Na5 12. Bb3 Nxb3 13. axb3 a6 14. Qh5 Qd5 15. Qh3 f5 16. Ng5 Bxg5 17. Bxg5 f4 18. Be7 Rf7 19. Bb4 e5 20. Qh5 Bf5 21. Ra5 b5 22. Qf3 Rd8 23. Qxd5 Rxd5 24. Rxa6 c5 25. Ra8+ Rf8 26. Rxf8+ Kxf8 27. Bc3 Kf7 28. Bxe5 c4 29. bxc4 bxc4 30. dxc4 Rd2 31. b4 Rxc2 32. c5 Rc4 33. c6 Rxc6 34. Bxf4 Rb6 35. Bd2 Rd6 36. Be3 Bd3 37. Bc5 Rd7 38. f3 Bb5 39. Kf2 Kf6 40. Kg3 Kf7 41. Re4 g6 42. h4 Kf6 43. Kf4 Bc6 44. Re3 Rf7 45. g4 Kg7+ 46. Kg3 Rd7 47. g5 Kf7 48. Ra3 Bb5 49. Kf4 Ke6 50. Re3+ Kf7 51. Re5 Bc6 52. Ke3 Bb5 53. Bd4 Re7 54. Rxe7+ Kxe7 55. Bf6+ Kd7 56. Kd4 Kd6 57. Bg7 Be2 58. Bf8+ Kc6 59. f4 Kd7 60. Ke5 Ke8 1-0

[Event "Zaragoza Artistica op"]
[Site "Zaragoza"]
[Date "2013.05.12"]
[Round "8"]
[White "Subira Navarro, Oscar"]
[Black "Lopez Guaita, Fernando"]
[Result "1-0"]
[WhiteElo "1592"]
[BlackElo "2027"]
[PlyCount "89"]
[EventDate "2013.04.13"]
[EventType "swiss"]
[EventRounds "9"]
[EventCountry "ESP"]
[SourceTitle "CBM 154 Extra"]
[Source "ChessBase"]
[SourceDate "2013.06.25"]
[SourceVersion "2"]
[SourceVersionDate "2013.06.25"]
[SourceQuality "1"]

1. b4 e5 2. Bb2 d6 3. c4 Nf6 4. e3 Nbd7 5. Be2 g6 6. Nf3 Bg7 7. d4 e4 8. Nfd2 0-0 9. Nc3 Re8 10. Qc2 Qe7 11. 0-0 Nf8 12. h3 h5 13. b5 Bf5 14. a4 N8h7 15. Rfc1 g5 16. Nf1 h4 17. Qd1 Qd7 18. Nh2 Rf8 19. a5 Bg6 20. b6 axb6 21. axb6 c6 22. Qb3 Nh5 23. Bxh5 Bxh5 24. Nxe4 f5 25. Nd2 g4 26. e4 Rxa1 27. Rxa1 gxh3 28. Qxh3 Bf6 29. exf5 Ng5 30. Qd3 Bd8 31. Ra8 Bxb6 32. Rxf8+ Kxf8 33. Ndf3 Nxf3+ 34. Nxf3 Bd8 35. Qe4 Qe7 36. Qf4 Qf6 37. Ba3 Be7 38. Nd2 Bf7 39. c5 dxc5 40. Bxc5 Bd5 41. Qb8+ Kf7 42. Qxb7 Qg5 43. f3 Qe3+ 44. Kh2 Qf4+ 45. Kh1 1-0

[Event "Zaragoza Artistica op"]
[Site "Zaragoza"]
[Date "2013.05.11"]
[Round "7"]
[White "Fernandez Sierra, Pedro Jose"]
[Black "Subira Navarro, Oscar"]
[Result "1-0"]
[WhiteElo "1699"]
[BlackElo "1592"]
[PlyCount "43"]
[EventDate "2013.04.13"]
[EventType "swiss"]
[EventRounds "9"]
[EventCountry "ESP"]
[SourceTitle "CBM 154 Extra"]
[Source "ChessBase"]
[SourceDate "2013.06.25"]
[SourceVersion "2"]
[SourceVersionDate "2013.06.25"]
[SourceQuality "1"]

1. e4 g6 2. d4 Bg7 3. Nf3 d6 4. Nc3 a6 5. Bf4 Bg4 6. Be2 Nf6 7. h3 Bxf3 8. Bxf3 c6 9. Qd2 0-0 10. 0-0-0 b5 11. h4 Qa5 12. Kb1 b4 13. Ne2 c5 14. e5 Ra7 15. exf6 Bxf6 16. h5 Nd7 17. hxg6 hxg6 18. Bg5 Rb8 19. Bxf6 Nxf6 20. Qh6 Nh5 21. Bxh5 gxh5 22. Rxh5 1-0

[Event "Aragon-chT Honor GrB"]
[Site "Aragon"]
[Date "2013.02.16"]
[Round "4.28"]
[White "Felez Casedas, Carlos"]
[Black "Subira Navarro, Oscar"]
[Result "1/2-1/2"]
[WhiteElo "2012"]
[BlackElo "1592"]
[PlyCount "90"]
[EventDate "2013.01.26"]
[EventType "team"]
[EventRounds "7"]
[EventCountry "ESP"]
[SourceTitle "EXT 2014"]
[Source "ChessBase"]
[SourceDate "2013.11.20"]
[SourceVersion "1"]
[SourceVersionDate "2013.11.20"]
[SourceQuality "1"]
[WhiteTeam "La Aurora Estadilla"]
[BlackTeam "Agrupacion II"]
[WhiteTeamCountry "ESP"]
[BlackTeamCountry "ESP"]

1. e4 c5 2. c3 g6 3. Nf3 Bg7 4. d4 cxd4 5. cxd4 d6 6. Bc4 Nf6 7. Nc3 0-0 8. Bb3 Nc6 9. h3 Na5 10. Bc2 Nc4 11. 0-0 a6 12. b3 Nb6 13. Be3 Re8 14. Rc1 Nbd7 15. Bb1 b5 16. e5 dxe5 17. dxe5 Nh5 18. Be4 Rb8 19. g4 Nxe5 20. Nxe5 Bxe5 21. Qxd8 Rxd8 22. gxh5 Bxh3 23. Rfe1 e6 24. hxg6 hxg6 25. Ne2 Kg7 26. Bf4 Bxf4 27. Nxf4 Bg4 28. f3 Bf5 29. Bxf5 exf5 30. Red1 Rbc8 31. Kf1 Rxd1+ 32. Rxd1 Rc2 33. Ra1 Kf6 34. Ne2 Kg5 35. f4+ Kf6 36. a4 Rd2 37. axb5 axb5 38. Ra6+ Kg7 39. Rb6 Rd5 40. Kf2 f6 41. Ke3 g5 42. Nc3 gxf4+ 43. Kxf4 Rd3 44. Nxb5 Rxb3 45. Kxf5 Rf3+ 1/2-1/2